[Event "Paphos op 2nd"]
[Site "Paphos"]
[Date "2024.04.27"]
[Round "2"]
[White "Tsakas, Nikolaos"]
[Black "Agdelen, Huseyin Can"]
[Result "0-1"]
[WhiteElo "1820"]
[BlackElo "2410"]
[PlyCount "38"]
[EventDate "2024.04.26"]
[EventType "swiss"]
[EventRounds "9"]
[EventCountry "CYP"]
[SourceTitle "CB19_2024"]
[SourceDate "2024.05.08"]
[SourceVersion "1"]
[SourceVersionDate "2024.05.08"]
[SourceQuality "1"]

1. d4 Nf6 2. Nf3 d5 3. Bf4 c5 4. c3 e6 5. Nbd2 Nc6 6. e3 Nh5 7. Bg5 f6 8. Bh4 cxd4 9. Nxd4 g6 10. Be2 Ng7 11. Bb5 Bd7 12. e4 Be7 13. exd5 Nxd4 14. Bxd7+ Qxd7 15. cxd4 Qxd5 16. Qf3 Qxd4 17. Qxb7 Rd8 18. Nf3 Bb4+ 19. Kf1 Qd3+ 0-1

[Event "Madrid San Viator op 22nd"]
[Site "Madrid"]
[Date "2014.05.18"]
[Round "7"]
[White "Tsakas, Nikolaos"]
[Black "Gallego Romero, Manuel"]
[Result "1-0"]
[WhiteElo "1738"]
[BlackElo "1531"]
[PlyCount "73"]
[EventDate "2014.03.23"]
[EventType "swiss"]
[EventRounds "9"]
[EventCountry "ESP"]
[SourceTitle "EXT 2015"]
[Source "ChessBase"]
[SourceDate "2014.11.20"]
[SourceVersion "1"]
[SourceVersionDate "2014.11.20"]
[SourceQuality "1"]

1. e4 e5 2. Nf3 d6 3. Nc3 Nf6 4. Bc4 h6 5. d4 exd4 6. Nxd4 Be7 7. f3 Bd7 8. Be3 Nc6 9. Qd2 a6 10. 0-0-0 b5 11. Bb3 Na5 12. Nf5 Bxf5 13. exf5 Nxb3+ 14. axb3 b4 15. Nd5 Nxd5 16. Qxd5 0-0 17. Rd4 Bg5 18. f4 c5 19. Rd3 Be7 20. Rhd1 a5 21. f6 Bxf6 22. Qxd6 Qxd6 23. Rxd6 Be7 24. Rc6 Rfc8 25. Rxc8+ Rxc8 26. Rd5 f6 27. f5 Kf7 28. Kd2 Rc6 29. Kd3 Bd6 30. h3 Be5 31. Rxc5 Rd6+ 32. Kc4 Bxb2 33. Rxa5 Bc3 34. Ra7+ Kg8 35. Ra8+ Kf7 36. Bc5 Rd2 37. Rf8# 1-0

[Event "Madrid San Viator op 22nd"]
[Site "Madrid"]
[Date "2014.05.11"]
[Round "6"]
[White "Simarro Cabrera, Jorge"]
[Black "Tsakas, Nikolaos"]
[Result "1-0"]
[WhiteElo "1581"]
[BlackElo "1738"]
[PlyCount "89"]
[EventDate "2014.03.23"]
[EventType "swiss"]
[EventRounds "9"]
[EventCountry "ESP"]
[SourceTitle "EXT 2015"]
[Source "ChessBase"]
[SourceDate "2014.11.20"]
[SourceVersion "1"]
[SourceVersionDate "2014.11.20"]
[SourceQuality "1"]

1. e4 c5 2. Nf3 d6 3. d4 cxd4 4. Nxd4 Nf6 5. Nc3 Nc6 6. f3 Qb6 7. Nxc6 bxc6 8. Bc4 g6 9. Qd3 Nd7 10. Qe3 Qb4 11. Qd4 Qc5 12. Qxh8 Qxc4 13. Bh6 Ba6 14. 0-0-0 0-0-0 15. Qxh7 Kc7 16. Bxf8 Nxf8 17. Qg7 e5 18. Qf6 Nh7 19. Qh4 Rb8 20. Qe7+ Kb6 21. Qxd6 Re8 22. Nd5+ Ka5 23. Qa3+ Qa4 24. Qxa4+ Kxa4 25. Nc7 Rc8 26. Nxa6 Kb5 27. Rd7 Kxa6 28. Rxf7 Nf8 29. Rd1 Ne6 30. Rdd7 Rh8 31. Rxa7+ Kb6 32. Rfb7+ Kc5 33. Rh7 Rf8 34. a4 Nf4 35. g4 Ng2 36. Raf7 Rd8 37. a5 Ne3 38. Rd7 Rb8 39. a6 Kb6 40. Rb7+ Rxb7 41. axb7 Ka7 42. b3 Ng2 43. h4 Nf4 44. h5 gxh5 45. gxh5 1-0

[Event "Madrid-ch Previa-A"]
[Site "Madrid"]
[Date "2013.02.13"]
[Round "6"]
[White "Tsakas, Nikolaos"]
[Black "Barria Arbunic, Manuel"]
[Result "1-0"]
[WhiteElo "1720"]
[BlackElo "1478"]
[PlyCount "63"]
[EventDate "2013.02.04"]
[EventType "swiss"]
[EventRounds "9"]
[EventCountry "ESP"]
[SourceTitle "EXT 2015"]
[Source "ChessBase"]
[SourceDate "2014.11.20"]
[SourceVersion "1"]
[SourceVersionDate "2014.11.20"]
[SourceQuality "1"]

1. e4 c5 2. Nf3 e6 3. d4 cxd4 4. Nxd4 a6 5. Bd3 b5 6. 0-0 d6 7. c3 Bb7 8. Be3 Nf6 9. Nd2 Be7 10. a4 Nbd7 11. axb5 axb5 12. Rxa8 Qxa8 13. Nxb5 0-0 14. Qc2 Ne5 15. f3 Nxd3 16. Qxd3 Ba6 17. c4 Qc6 18. Nd4 Qb7 19. Qb3 Qxb3 20. N4xb3 Rb8 21. Rc1 d5 22. cxd5 exd5 23. Nc5 Bxc5 24. Rxc5 dxe4 25. Ra5 Bd3 26. fxe4 Nxe4 27. Nxe4 Bxe4 28. Bd4 h6 29. Kf2 Rd8 30. Ra4 Rc8 31. Bc3 Rb8 32. Rxe4 1-0